Introductory VHDL (Record no. 5146)

MARC details
000 -LEADER
fixed length control field 00463nam a22001697a 4500
005 - DATE AND TIME OF LATEST TRANSACTION
control field 20180131124433.0
008 - FIXED-LENGTH DATA ELEMENTS--GENERAL INFORMATION
fixed length control field 160702b xxu||||| |||| 00| 0 eng d
020 ## - INTERNATIONAL STANDARD BOOK NUMBER
ISBN 978-81-317-0633-6
041 ## - LANGUAGE CODE
Language code of text/sound track or separate title eng
082 ## - DEWEY DECIMAL CLASSIFICATION NUMBER
Item number 20871
Classification number 003.3
100 ## - MAIN ENTRY--AUTHOR NAME
Personal name Yalamanchilli, Sudhakar
245 ## - TITLE STATEMENT
Title Introductory VHDL
Remainder of title from simulation to synthisis
Statement of responsibility, etc Sudhakar Yalamanchili
260 ## - PUBLICATION, DISTRIBUTION, ETC. (IMPRINT)
Name of publisher Pearson
Year of publication 2006
300 ## - PHYSICAL DESCRIPTION
Number of Pages 395p,
650 ## - SUBJECT ADDED ENTRY--TOPICAL TERM
Topical Term Diploma Engineering
942 ## - ADDED ENTRY ELEMENTS (KOHA)
Koha item type Books
Holdings
Lost status Damaged status Collection code Home library Current library Shelving location Date acquired Cost, normal purchase price Full call number Accession Number Koha item type
    Reference JRU Library   SHELF-30-B 02/07/2016 675.00 003.3 20871 Books
    CS/IT JRU Library JRU Library SHELF-50-F 02/07/2016 675.00 003.3 20872 Books